000 00511nam a2200181Ia 4500
999 _c9617
_d9617
003 OSt
005 20191218140003.0
008 190216s9999||||xx |||||||||||||| ||und||
040 _coclc
082 _a330.954
_bDAT/I
100 _aDatt, Ruddar
_9509
245 0 _aIndian Economy /
_cRuddar Datt ; K P M Sundharam
250 _a24th ed.
260 _bS Chand & Company,
_c1986.
_aNew Delhi:
300 _a799p
650 _aEconomics
942 _cBK
_2ddc
_h330.954
_iDAT/I
_k330.954
_mDAT/I